A sociedade e o Supremo Tribunal Federal : (Record no. 255)

MARC details
000 -LÍDER
Campo Fixo de Controle 00725cam a2200241 a 4500
001 - NÚMERO DE CONTROLE
Campo de Controle 255
003 - IDENTIFICAÇÃO DO NÚMERO DE CONTROLE
Campo de Controle BR-CuiBMT
005 - DATA E HORA DA ÚLTIMA ATUALIZAÇÃO
Campo de Controle 20231114000125.0
008 - DADOS FIXOS
Dados Fixos 230914s2012 mgba 000 0 por d
020 ## - INTERNATIONAL STANDARD BOOK NUMBER
Nº do ISBN 9788577005758
040 ## - AGÊNCIA CATALOGADORA
Código da Agência Catalogadora BR-CuiBMT
Agência que transcreveu o registro BR-CuiBMT
080 ## - Nº DA CLASSIFICAÇÃO DECIMAL UNIVERSAL
Nº edição CDU 2007
Nº Class. CDU 347.991
090 ## - NÚMERO DE CHAMADA
Nº classificação 347.991
Cutter R159a
100 1# - ENTRADA PRINCIPAL -- AUTOR PESSOAL
Nome pessoal Rais, Diogo
245 12 - TÍTULO PRINCIPAL
Título principal A sociedade e o Supremo Tribunal Federal :
Subtítulo o caso das audiências públicas /
Indicação de responsabilidade Diogo Rais.
260 ## - PUBLICAÇÃO, DISTRIBUIÇÃO, ETC.
Local de publicação Belo Horizonte :
Editora Fórum,
Data 2012.
300 ## - DESCRIÇÃO FÍSICA
N. páginas ou volumes 179 p. :
Ilustrações il. ;
Dimensões 22 cm
504 ## - NOTA DE BIBLIOGRAFIA, ETC.
Nota de bibliografia Inclui bibliografia.
650 ## - ASSUNTO TÓPICO
Cabeçalho tópico ou nome geográfico Supremo Tribunal Federal (Brasil)
650 ## - ASSUNTO TÓPICO
Cabeçalho tópico ou nome geográfico Tribunais superiores
Subdivisão geográfica Brasil
650 ## - ASSUNTO TÓPICO
Cabeçalho tópico ou nome geográfico Audiências públicas
Subdivisão geográfica Brasil
942 ## - ELEMENTOS DE ENTRADA ADICIONAIS (KOHA)
Fonte de classificação ou esquema de arquivamento Classificação Decimal Universal
Tipo de item do Koha Livros
Holdings
Estado: removido Estado: perdido Fonte de classificação ou esquema de arquivamento Estado: danificado Indisponível para empréstimo Localização permanente Localização atual Data de aquisição Total Checkouts Número de Chamada completo Código de barras Date last seen Número do exemplar Preço efetivo a partir de Tipo de item (Koha)
    Classificação Decimal Universal     Biblioteca da Escola Superior de Contas do TCE/MT Biblioteca da Escola Superior de Contas do TCE/MT 16/08/2023   347.991 R159a BIBTCEMT23100048 16/08/2023 Ex. 1 16/08/2023 Livros

Powered by Koha